Michelangelo (Record no. 7642)

MARC details
000 -CABECERA
campo de control de longitud fija 00772nam a2200253 a 4500
001 - NÚMERO DE CONTROL
campo de control BRCA_7973
005 - FECHA Y HORA DE LA ÚLTIMA TRANSACCIÓN
campo de control 20190320210058.0
008 - DATOS DE LONGITUD FIJA--INFORMACIÓN GENERAL
campo de control de longitud fija 110314s1968----nyu####f##---#000-0#eng-#
041 ## - CÓDIGO DE LENGUA
Código de lengua del texto/banda sonora o título independiente eng
044 ## - CÓDIGO DEL PAÍS DE LA ENTIDAD EDITORA/PRODUCTORA
Código MARC del país nyu
050 #4 - SIGNATURA TOPOGRÁFICA DE LA BIBLIOTECA DEL CONGRESO
Número de clasificación NB623
Número de documento/Ítem .H36
-- 1968
100 1# - ENTRADA PRINCIPAL--NOMBRE DE PERSONA
Nombre de persona Hartt, Frederick
9 (RLIN) 19767
245 10 - MENCIÓN DE TÍTULO
Título Michelangelo
Resto del título the complete sculpture
Mención de responsabilidad, etc. Frederick Hartt.
260 ## - PUBLICACIÓN, DISTRIBUCIÓN, ETC.
Lugar de publicación, distribución, etc. New York
Nombre del editor, distribuidor, etc. Abrams
Fecha de publicación, distribución, etc. [1968]
300 ## - DESCRIPCIÓN FÍSICA
Extensión 310 p.
Otras características físicas il. (alguas a color), 332 láminas
Dimensiones 32 cm.
500 ## - NOTA GENERAL
Nota general 3146
500 ## - NOTA GENERAL
Nota general Incluye índice de ilustraciones
504 ## - NOTA DE BIBLIOGRAFÍA, ETC.
Nota de bibliografía, etc. Bibliografía p. 309-310
600 14 - PUNTO DE ACCESO ADICIONAL DE MATERIA--NOMBRE DE PERSONA
Nombre de persona Buonarroti, Michel Angelo
Fechas asociadas al nombre 1475-1564
9 (RLIN) 7833
650 14 - PUNTO DE ACCESO ADICIONAL DE MATERIA--TÉRMINO DE MATERIA
Término de materia o nombre geográfico como elemento de entrada Escultores italianos
Subdivisión de forma Renacimiento
9 (RLIN) 19768
650 14 - PUNTO DE ACCESO ADICIONAL DE MATERIA--TÉRMINO DE MATERIA
Término de materia o nombre geográfico como elemento de entrada Escultura
Subdivisión de forma Artistas
Subdivisión geográfica Italia
9 (RLIN) 19769
902 ## - CATALOGADOR
Iniciales GFM
942 ## - ELEMENTOS DE PUNTO DE ACCESO ADICIONAL (KOHA)
Fuente del sistema de clasificación o colocación Library of Congress Classification
Tipo de ítem Koha Libros
Holdings
Estado de retiro Estado de pérdida Estado dañado No para préstamo Localización permanente Ubicación/localización actual Fecha de adquisición Número de inventario Total de préstamos Signatura topográfica completa Código de barras Fecha visto por última vez Precio válido a partir de Tipo de ítem Koha
El ejemplar forma parte de la colección y puede ser consultado según las políticas vigentes.       Biblioteca del Museo Franz Mayer (Rogerio Casas-Alatriste) Biblioteca del Museo Franz Mayer (Rogerio Casas-Alatriste) 11/03/2014 3146   NB623 .H36 1968 (3146) 8584 22/03/2019 22/03/2019 Libros